Foundations of corporate success : (Record no. 7933)

MARC details
000 -LEADER
fixed length control field 00387nam a2200133 4500
020 ## - INTERNATIONAL STANDARD BOOK NUMBER
ISBN 019828988x
050 ## - CALL NUMBER
Classification number HD2731
Item number .K39
100 ## - AUTHOR
Personal name Kay, J. A.
245 ## - TITLE
Title Foundations of corporate success :
Remainder of title how business strategies add value
Statement of responsibility, etc by J A Kay
260 ## - PUBLICATION INFORMATION
Place of publication Oxford ; New York
Name of publisher Oxford University Press
Year of publication 1993
300 ## - DESCRIPTION
Number of Pages xviii, 416 pages
650 ## - SUBJECTS
Topical Term Business planning.
942 ## - ADDED ENTRY ELEMENTS (KOHA)
Koha item type Books
Holdings
Withdrawn status Lost status Home library Current library Date acquired Full call number Accession Number Koha item type
    Methodist University Library Wenchi Faculty Methodist University Library Wenchi Faculty 19/10/2021 HD2731 .K39 14034 Books
Copyright © 2026  MUG Library